Neural networks, fuzzy logic and genetic algorithms: (Record no. 4772)

MARC details
000 -LEADER
fixed length control field 01015cam a22003857a 4500
001 - CONTROL NUMBER
control field
003 - CONTROL NUMBER IDENTIFIER
control field OSt
005 - DATE AND TIME OF LATEST TRANSACTION
control field 20220107122803.0
008 - FIXED-LENGTH DATA ELEMENTS--GENERAL INFORMATION
fixed length control field 110621s2012 enka b 001 0 eng d
010 ## - LIBRARY OF CONGRESS CONTROL NUMBER
LC control number
015 ## - NATIONAL BIBLIOGRAPHY NUMBER
National bibliography number
Source
016 7# - NATIONAL BIBLIOGRAPHIC AGENCY CONTROL NUMBER
Record control number
Source
020 ## - INTERNATIONAL STANDARD BOOK NUMBER
International Standard Book Number 9788120321861
020 ## - INTERNATIONAL STANDARD BOOK NUMBER
International Standard Book Number
035 ## - SYSTEM CONTROL NUMBER
System control number
040 ## - CATALOGING SOURCE
Original cataloging agency
Transcribing agency IIITMK
042 ## - AUTHENTICATION CODE
Authentication code
050 00 - LIBRARY OF CONGRESS CALL NUMBER
Item number
050 14 - LIBRARY OF CONGRESS CALL NUMBER
Item number
082 04 - DEWEY DECIMAL CLASSIFICATION NUMBER
Classification number 006.32 RAJ/N
Edition number
100 1# - MAIN ENTRY--PERSONAL NAME
Personal name Rajasekaran, S.
9 (RLIN) 7269
245 10 - TITLE STATEMENT
Title Neural networks, fuzzy logic and genetic algorithms:
Remainder of title Synthesis and applications
Statement of responsibility, etc. S. Rajasekaran and G. A. Vijayalekshmi Pai
260 ## - PUBLICATION, DISTRIBUTION, ETC.
Place of publication, distribution, etc. Delhi,
Name of publisher, distributor, etc. PHI Learning,
Date of publication, distribution, etc. 2015.
300 ## - PHYSICAL DESCRIPTION
Extent xvi, 439p.
Other physical details CD
Dimensions
650 #0 - SUBJECT ADDED ENTRY--TOPICAL TERM
Topical term or geographic name entry element COMPUTER SCIENCE
9 (RLIN) 10883
650 #0 - SUBJECT ADDED ENTRY--TOPICAL TERM
Topical term or geographic name entry element ARTIFICIAL INTELLIGENCE
9 (RLIN) 10884
650 #0 - SUBJECT ADDED ENTRY--TOPICAL TERM
Topical term or geographic name entry element NEURAL NETWORKS
9 (RLIN) 7271
650 #0 - SUBJECT ADDED ENTRY--TOPICAL TERM
Topical term or geographic name entry element FUZZY LOGIC
9 (RLIN) 7272
650 #0 - SUBJECT ADDED ENTRY--TOPICAL TERM
Topical term or geographic name entry element GENETIC ALGORITHMS
9 (RLIN) 7273
650 #0 - SUBJECT ADDED ENTRY--TOPICAL TERM
Topical term or geographic name entry element SOFT COMPUTING
9 (RLIN) 7274
700 ## - ADDED ENTRY--PERSONAL NAME
Personal name Vijayalakshmi Pai, G. A.
9 (RLIN) 7275
942 ## - ADDED ENTRY ELEMENTS (KOHA)
Source of classification or shelving scheme Dewey Decimal Classification
Koha item type Books
Holdings
Withdrawn status Lost status Source of classification or shelving scheme Damaged status Not for loan Collection code Home library Current library Shelving location Date acquired Cost, normal purchase price Total Checkouts Full call number Barcode Date last seen Date last checked out Price effective from Koha item type Total Renewals
    Dewey Decimal Classification     Neural Network Kerala University of Digital Sciences, Innovation and Technology Knowledge Centre Kerala University of Digital Sciences, Innovation and Technology Knowledge Centre Computer Science 11/06/2015 263.00 11 006.32 RAJ/N 4193 23/01/2026 05/08/2025 11/06/2015 Books  
    Dewey Decimal Classification     Neural Network Kerala University of Digital Sciences, Innovation and Technology Knowledge Centre Kerala University of Digital Sciences, Innovation and Technology Knowledge Centre Computer Science 18/10/2016 263.00 9 006.32 RAJ/N;2 4673 03/12/2020 11/11/2019 18/10/2016 Books  
    Dewey Decimal Classification     Neural Network Kerala University of Digital Sciences, Innovation and Technology Knowledge Centre Kerala University of Digital Sciences, Innovation and Technology Knowledge Centre Computer Science 18/10/2016 263.00 15 006.32 RAJ/N;3 4674 03/12/2020 13/11/2019 18/10/2016 Books 3
    Dewey Decimal Classification     Neural Network Kerala University of Digital Sciences, Innovation and Technology Knowledge Centre Kerala University of Digital Sciences, Innovation and Technology Knowledge Centre Computer Science 18/10/2016 262.00 15 006.32 RAJ/N;4 4675 30/01/2025 28/08/2024 18/10/2016 Books 3
    Dewey Decimal Classification     Neural Network Kerala University of Digital Sciences, Innovation and Technology Knowledge Centre Kerala University of Digital Sciences, Innovation and Technology Knowledge Centre Computer Science 18/10/2016 262.00 17 006.32 RAJ/N;5 4676 27/07/2024 06/05/2024 18/10/2016 Books  
    Dewey Decimal Classification     Neural Network Kerala University of Digital Sciences, Innovation and Technology Knowledge Centre Kerala University of Digital Sciences, Innovation and Technology Knowledge Centre Computer Science 18/10/2016 263.00 6 006.32 RAJ/N;1 4672 03/12/2020 04/11/2019 18/10/2016 Books 1